| 000 | 00854nam a22002657a 4500 | ||
|---|---|---|---|
| 001 | 0011630 | ||
| 003 | DO-SdBNP | ||
| 005 | 20170918102625.0 | ||
| 007 | 0011630 | ||
| 008 | 161017b 2006 uy||||| |||| 00| 0 spa d | ||
| 020 | _a9974777593 | ||
| 040 |
_aBPMSU _bspa _cBPMSU |
||
| 082 |
_aR 611 _bC965a |
||
| 100 | 1 | _aCuenca, Adriana | |
| 245 | 1 | 0 |
_aAnatomía y filsiología del cuerpo humano / _credacción Adriana Graciela Cuenca |
| 246 | 3 | 4 |
_aAtlas de anatomía y funciones del cuerpo humano : _btu cuerpo, tu mente y tu salud. |
| 260 |
_aUruguay : _bArquetipo, _bLexus, _c2006. |
||
| 300 |
_a200 p. : _bil., _c34 cm. + _eCDROM |
||
| 650 | 4 |
_aANATOMÍA HUMANA _vATLAS |
|
| 650 | 4 |
_aFISIOLOGÍA _vATLAS |
|
| 910 | _aValidado. Control de calidad MFF | ||
| 942 |
_2ddc _cBK |
||
| 945 | _aInventariado, 2017/MFF | ||
| 956 |
_aBTAVÁREZ _b10 _c20161017 _d0011630 |
||
| 999 |
_c11576 _d11576 |
||